Miguel L. de Amunátegui 1828-1888
Saved in:
| Hovedforfatter: | |
|---|---|
| Format: | Bog |
| Sprog: | spansk |
| Udgivet: |
París
A. Lahure
1890
|
| Fag: | |
| Tags: |
Tilføj Tag
Ingen Tags, Vær først til at tagge denne postø!
|
MARC
| LEADER | 00000nam a2200000 a 4500 | ||
|---|---|---|---|
| 001 | UCP8302 | ||
| 003 | CL-VaPUC | ||
| 008 | 000114e18900000FR |||||||||||||||||spa|d | ||
| 082 | 0 | 4 | |a 923.7 |b BAR |2 21 |
| 100 | 0 | |a Barros Arana, Diego Jacinto Agustín |e author |9 438175 | |
| 245 | 1 | 0 | |a Miguel L. de Amunátegui 1828-1888 |
| 300 | |a 346 p | ||
| 942 | |c BK | ||
| 945 | |d 20000114 00:00:00 |a rherrera | ||
| 260 | |a París |b A. Lahure |c 1890 | ||
| 600 | 0 | 7 | |a AMUNATEGUI ALDUNATE, MIGUEL LUIS |2 CL-VaPUC |9 373353 |
| 650 | 0 | |a Biografías |9 255210 | |
| 650 | 0 | |a Educadores |9 314091 | |
| 650 | 7 | |a REFORMAS EDUCACIONALES |2 CL-VaPUC |9 379992 | |
| 651 | 7 | |a CHILE |2 CL-VaPUC |9 438176 | |
| 583 | |a last modification |c 20190729 02:09:13 |k Rodrigo Vera | ||
| 999 | |c 285234 |d 285232 | ||
| 952 | |0 0 |1 0 |4 0 |6 923_700000000000000_BAR_1890 |7 0 |8 X |9 329685 |a BIBHIS |b BIBHIS |d 2019-11-20 |i 1375296 |o 923.7 BAR 1890 |p 1375296 |r 2019-11-20 |w 2019-11-20 |y BK_X |k HIS | ||